000 00911nac a22002657a 4500
003 Co-PeBPM
005 20240706001433.0
007 ta
008 240706s2005 ck a|||| |||| 00| 0 spa d
020 _a958048712X
040 _aCo-PeBPM
_bspa
_cCo-PeBPM
_erda
082 0 4 _a658.802 S358t
_222
100 1 _aSchneer, Manuel
_eautor
245 1 4 _aTú eres tu propia marca
_b: Marketing personal para un profesional
_c/ Manuel Schneer
260 _aBogotá, Colombia
_b: Grupo Editorial Norma,
_c2005
300 _a112 páginas
_bilustraciones en blanco y negro
_c21 centímetros
500 _aIncluye índice
500 _aContiene datos biográficos del autor en la solapa del texto
650 1 4 _aAdministración de empresas
_2Lemb
650 1 4 _aGestión de empresas
_2Lemb
650 1 4 _aMercadeo de servicios
_2Lemb
650 1 4 _aVentas
_2Lemb
650 1 4 _aCambio organizacional
_2Lemb
942 _2ddc
_cBK
_n0
999 _c59324
_d59324